[Event "ITA-ch U20"]
[Site "Tarvisio"]
[Date "2023.07.04"]
[Round "3"]
[White "Sala, Giulia"]
[Black "Canubas, Chloie Elizabeth"]
[Result "1-0"]
[WhiteElo "2032"]
[BlackElo "1548"]
[PlyCount "103"]
[EventDate "2023.07.02"]
[EventType "swiss"]
[EventRounds "9"]
[EventCountry "ITA"]
[SourceTitle "EXT 2024"]
[Source "ChessBase"]
[SourceDate "2023.10.10"]
[SourceVersion "1"]
[SourceVersionDate "2023.10.10"]
[SourceQuality "1"]

1. d4 d5 2. Nc3 Nf6 3. Bf4 c5 4. e3 e6 5. Nb5 Na6 6. Nf3 Bd7 7. c3 Qb6 8. dxc5 Bxc5 9. a4 0-0 10. Bd3 Bxb5 11. axb5 Nc7 12. Qe2 Bd6 13. Ne5 Bxe5 14. Bxe5 Nd7 15. Bg3 Nc5 16. Bc2 Nxb5 17. Qh5 f5 18. 0-0 Nd7 19. Rfd1 Nf6 20. Qe2 Nd6 21. Ra4 Nde4 22. Rb4 Nxg3 23. hxg3 Qc7 24. Qb5 b6 25. Ra1 Ne4 26. Qe2 Rf6 27. c4 Qc5 28. Rba4 a5 29. cxd5 exd5 30. b4 Qc7 31. Qd3 Rd6 32. bxa5 bxa5 33. Bb3 Qd8 34. Qd4 Raa6 35. g4 g6 36. gxf5 gxf5 37. f3 Ng3 38. Kf2 Nh5 39. Qe5 Ng7 40. Rd1 Kf8 41. Rxd5 Rxd5 42. Bxd5 Ra7 43. Bc4 Qd2+ 44. Be2 Qd8 45. Qc5+ Qe7 46. Qb6 Qc7 47. Qh6 Qd7 48. Rd4 Qe7 49. Qxh7 a4 50. Bc4 Ke8 51. Qg8+ Qf8 52. Rd8+ 1-0